| 000 | 03287cam a22006734i 4500 | ||
|---|---|---|---|
| 003 | PE-LiUPU | ||
| 005 | 20250731180114.0 | ||
| 008 | 180522s2015 mx a r 001 0 spa d | ||
| 020 | _a9786071512819 | ||
| 035 | _a(Sirsi) a242069 | ||
| 040 |
_aPE-LiUPU _bspa _cPE-LiUPU _dPE-LiUPU _erda |
||
| 041 | 1 |
_aspa _heng |
|
| 049 | _aPRUA | ||
| 082 | 0 | 4 |
_a536.7 _bC46 _221 |
| 100 | 1 |
_aÇengel, Yunus A., _eautor. |
|
| 245 | 1 | 0 |
_aTermodinámica / _cYunus A. Çengel, Michael A. Boles ; revisión técnica Abraham Laurencio Martínez Bautista [y otros siete]. |
| 250 | _aOctava edición. | ||
| 264 | 1 |
_aMéxico : _bMcGraw Hill Education, _c2015. |
|
| 300 |
_axx, 997 páginas : _bilustraciones ; _c27 centímetros. |
||
| 336 |
_atext _2rdacontent |
||
| 337 |
_aunmediated _2rdamedia |
||
| 338 |
_avolume _2rdacarrier |
||
| 504 | _aÍndice : páginas 989-997. | ||
| 505 | 0 | _aIntroducción y conceptos básicos -- Energía, transferencia de energía y análisis general de la energía -- Propiedades de las sustancias puras -- Análisis de energía de sistemas cerrados -- Análisis de masa y energía de volúmenes de control -- La segunda ley de la termodinámica -- Entropía -- Exergía: una medida del potencial de trabajo -- Ciclos de potencia de gas -- Ciclos de potencia de vapor y combinados -- Ciclos de refrigeración -- Relaciones de propiedades termodinámicas -- Mezcla de gases -- Mezclas de gas-vapor y acondicionamiento de aire -- Reacciones químicas -- Equilibrio químico y de fase -- Flujo compresible -- Energía renovable -- Apéndice A. Tablas de propiedades, figuras y diagramas (unidades SI) -- Apéndice B. Tablas de propiedades, figuras y diagramas (unidades inglesas). | |
| 526 | _aSEG44 | ||
| 526 | _aSEG26 | ||
| 526 | _aP159 | ||
| 526 | _aP155 | ||
| 526 | _aP154 | ||
| 526 | _aP153 | ||
| 526 | _aP150 | ||
| 526 | _aP100 | ||
| 526 | _aP31 | ||
| 526 | _aP30 | ||
| 526 | _aP26 | ||
| 526 | _aP25 | ||
| 526 | _aP24 | ||
| 526 | _aP22 | ||
| 526 | _aP15 | ||
| 526 | _aP10 | ||
| 534 |
_pTítulo original : _tThermodynamis: An engineering approach. |
||
| 541 | _g002-00000049; | ||
| 650 | 1 | 4 |
_aTermodinámica _xEstudio y enseñanza. |
| 650 | 0 | 4 | _aThermodynamics. |
| 700 | 1 |
_aBoles, Michael A., _eautor. |
|
| 700 | 1 |
_aMartínez Bautista, Abraham Laurencio, _erevisor técnico. |
|
| 700 | 1 |
_aSoto Urbina, Rodolfo, _erevisor técnico. |
|
| 700 | 1 |
_aValle Granados, Ignacio del, _erevisor técnico. |
|
| 700 | 1 |
_aLemos Medina, Leonora de, _erevisor técnico. |
|
| 700 | 1 |
_aGonzález y Pozo, Virgilio, _etraductor. |
|
| 700 | 1 |
_aSarmiento Ortega, Sergio, _etraductor. |
|
| 700 | 1 |
_aJasso, Erika, _etraductora. |
|
| 910 |
_admd _bkslcksl _d20180522 |
||
| 942 |
_2ddc _cBOOK |
||
| 994 |
_aC0 _bPEPRU |
||
| 596 | _a1 | ||
| 999 |
_a536.7 C46 _wLC _c27576 _i78497 _d27576 _f2021-11-9 _g4 _lCCODEBUL1 _mBUL _p53.92 _q7 _r0 _sY _tBOOK _u2018-5-22 _xINGENIERIA _PP24 _0COMPRA _1FCOMPRA _o.STAFF. Colección Ingeniería y Arquitectura |
||
| 999 |
_a536.7 C46 _wLC _c2 _i78498 _d2019-8-4 _e2019-5-29 _f2021-11-9 _g4 _lCCODEBUL1 _mBUL _n6 _p53.92 _q4 _r0 _sY _tBOOK _u2018-5-22 _xINGENIERIA _PP24 _0COMPRA _1FCOMPRA _o.STAFF. Colección Ingeniería y Arquitectura |
||
| 980 |
_81 _gALBERTO SANCHEZ Responsable de Automatización |
||